| 000 | 00531cam a2200181 4500 | ||
|---|---|---|---|
| 082 |
_a502 _bRUS |
||
| 100 | 1 |
_aRussell, Bertrand, _937020 |
|
| 245 | 1 | 0 |
_aIcarus; or, The future of science, _cby Bertrand Russell. |
| 260 |
_aNew York, _bE.P. Dutton & Company _c[c1924] |
||
| 300 |
_a64 p. _c17 cm. |
||
| 490 | 1 | _aTo-day and to-morrow series | |
| 526 |
_a0 _b0 _c0 _d502_000000000000000_RUS |
||
| 650 | 0 |
_aCivilization. _932629 |
|
| 650 | 0 |
_aMCE _9379 |
|
| 650 | 0 |
_aScience and state. _950719 |
|
| 650 | 0 | _aScience. | |
| 942 |
_2ddc _cBK |
||
| 999 |
_c553474 _d553474 |
||